Quizzes
Events
Quiz Creation
Community
Videos
Private Events
Remove Ads
Sign In
Join for FREE
Feedback
Dark Mode
Quiz Categories
Sports
Geography
Music
Movies
Television
Just For Fun
Miscellaneous
History
Literature
Language
Science
Gaming
Entertainment
Religion
Holiday
For Kids
Quiz Lab
Recent
Popular Today
Quiz Kudos Today
Editor Picks
Curator Picks
Quizzes by...
Day
Popularity
Type
Ratings
Length
Year
Community
Subscriptions
Recent Discussions
Orange Saloon
Badges
Playlists
Quests
Create
Leaderboards
Showdown
Live 5
Trivia Bingo
Activity
Puzzle Library
Sporcle Events
Private Events
Virtual Trivia
Globe League
Become a Host
Pub Owners
SporcleCon
Opinionation
Our Games
Videos
Blog
Mobile Apps
Partnerships
Remove Ads and Go Orange
Feedback
Sports
Athletes
MLB
NBA
NHL
NFL
Soccer
Sports Teams
WWE
NCAA
Football
Premier League
Basketball
Baseball
Hockey
Golf
Tennis
Cricket
Rugby
Auto Racing
Olympics
World Cup
Sports
Athletes
MLB
NBA
NHL
NFL
Soccer
Sports Teams
WWE
NCAA
Football
Premier League
Basketball
Baseball
Hockey
Golf
Tennis
Cricket
Rugby
Auto Racing
Olympics
World Cup
Random Quiz
Search Sporcle
×
Quiz Lab
Quiz Lab
Sports
NFL
Type in answers that appear in a list
Type in answers that appear in a list
Classic
Best Score? Go Orange.
NFL Record Holders Stats
Can you name the NFL Record Holders?
By
bayoubeastuvc
7m
34 Questions
538 Plays
538 Plays
538 Plays
Comments
Comments
Give Quiz Kudos
Give Quiz Kudos
-
- Ratings
hide this ad
Forced Order
Answers have to be entered in order
Answers have to be entered in order
Replay
Link that replays current quiz
Next Quiz
Link to next quiz in quiz playlist
You Got
0%
They Got
Avg Score
44%
Avg Friend Score
Upgrade to see
Score Distribution
Jump to the score distribution portion of the page
Score
0/34
Timer
07:00
0
Plays Today
Record
Record Holder
% Correct
Most Career TD's ( Non QB )
Jerry Rice
88.6%
Most Career Rushing Yards
Emmitt Smith
87.3%
Most Single Season TD's
LaDainian Tomlinson
80.4%
Most Single Season Rushing Yards
Eric Dickerson
75%
Most Single Game Rushing Yards
Adrian Peterson
70.5%
Most Career Passing Yards
Brett Favre
65.3%
Highest Passer Rating In a Season
Peyton Manning
61.4%
Most Passing TD's In a Season
Tom Brady
60.1%
Most Receiving Yards In a Season
Jerry Rice
60.1%
Most Receiving TD's In a Season
Randy Moss
58.6%
Most Single Season Passing Yards
Dan Marino
56.7%
Most Sacks In a Season
Michael Strahan
48.1%
Most Pass Completions In a Season
Drew Brees
47.2%
Most Career Rushing TD's By a Quarterback
Steve Young
46.6%
Most Consecutive Post Season Wins By a QB
Tom Brady
46.6%
Most Pass Receptions In a Season
Marvin Harrison
46.3%
Most Pass Receptions In a Game
Brandon Marshall
44.2%
Record
Record Holder
% Correct
Most Consecutive Games With 100 or More Rushing Yards
Barry Sanders
43.5%
Most Career Yards From Scrimmage
Jerry Rice
42.7%
Most Career Sacks
Bruce Smith
41.8%
Most 200 or More Rushing Yard Games
O.J. Simpson
34.9%
Most Consecutive Regular Season Wins By a QB
Peyton Manning
33.4%
Most Consecutive Seasons With 10 or More Sacks
Reggie White
32.3%
Most Games Played
Morten Anderson
30.2%
Most Consecutive Seasons With 2000 or More Yards From Scrimmage
Marshall Faulk
28.7%
Most Career Interceptions Returned For a TD
Rod Woodson
28%
Most Yards From Scrimmage In a Season
Chris Johnson
27.8%
Most Sacks In a Game
Derrick Thomas
26.3%
Most Interceptions In a Season
Dick Lane
24.8%
Most Receiving Yards In a Game
Willie Anderson
17.2%
Most Career Interceptions
Paul Krause
15.9%
Most TD's Rookie Season
Gale Sayers
15.1%
Most Single Game Passing Yards
Norm Van Brocklin
12.5%
Most Yards From Scrimmage In a Game
Willie Anderson
10.4%
Quiz Playlist
Details
Report
Send in Message
Add To Playlist
Classic:
Type in answers that appear in a list
Forced Order:
Answers have to be entered in order
Last Updated: Feb 16, 2017
Quiz Scoreboard
CHALLENGE
Sign Up to Join the Scoreboard
Show All
Scores
Hide
Comments
May contain spoilers
Recently Published
College Basketball Coaching Resumes
by pancakes188
Sports
9m
Billboard Blitz: Fleetwood Mac
by CooCooCachoo
Music
15s
Presidents Visiting Landmarks
by Hejman
History
7m
More to Explore
Quiz From the Vault
Featured Blog Post
Where Did the Easter Bunny Come From?
hide this ad
You Might Also Like...
Tags
NFL Quiz
detail
record
Today's Top Quizzes in Sports
Browse Sports
hide this ad
Today's Top Quizzes in NFL
Browse NFL
Top Contributed Quizzes in Sports
1
2022 World Cup Stars
2
Les meilleurs buteurs des matchs entre le PSG et l’OM
3
FIFA Club World Cup Champions
4
Les entraîneurs de l'OM et du PSG au 21e siècle
5
Criteria MLB: Left Handed Sluggers
6
AFC Teams Reveal (Wrong Answers Minefield)
7
5-to-1: UK Sports Teams
8
5-to-1: FBS Animal Nicknames
9
2023 MLB Unique Player Accomplishments
10
Name the Premier League winners with different clubs
Explore More
Trending Topics
Kpop
Crossword
Anime
Marvel
Harry Potter
NBA
Disney
Pokémon
Soccer
WWE
Puzzle
Song
The Office
Country
NFL
hide this ad
More By:
bayoubeastuvc
Quiz
Plays
Rating
Category
Featured
Created
NFL Jersey Numbers
4,178
4.20
Sports
Oct 25, 2010
True or False
560
3.75
Just For Fun
Oct 22, 2010
NFL Record Holders
538
4.11
Sports
Oct 27, 2010
Test Random Knowledge
452
3.30
Just For Fun
Oct 24, 2010
NFL Jersey Numbers 2010
166
Sports
Nov 13, 2010
Go to Creator's Profile
Score Distribution
Quiz Creator Spotlight
bayoubeastuvc
Follow
Send a Message
Quizzes Created
-
Created Quiz Play Count
-
More By This Creator
Popular Quizzes Today
1
Find the US States - No Outlines Minefield
2
Find the Countries of Europe - No Outlines Minefield
3
The Countries of the World
4
Find the US States
5
Risky Map Clicking: Biggest States A-Z
6
US States
7
Popular People in 1961
8
Movies - When Are They Set?
More Sports Quizzes
Multiple NFL Super Bowl Winners
Published
Trending Quizzes
Risky Map Clicking: Least Populous States A-Z
1-10 Letter G Words
1-10 Letter F Words
Risky Map Clicking: Next State Alphabetically
Risky Map Clicking: Biggest States A-Z
Recently Updated
Leaping Animals
pecheneg
Reality TV Shows (A-Z)
bhenderson79
Rickey Henderson's Hall of Fame Teammates
pecheneg
Champions League XIs: Arsenal
pecheneg
Quick Pick: Celebrities in WWE's Hall of Fame
aduchscher
A-Z Keypad Blitz II
pecheneg
Multiple Oscar Actors
pecheneg
Mystery Phrase Blitz: Oscar 'Best Actors'
pecheneg
F. Scott Fitzgerald Novels
LTH
Pick 3 Villains
ddd62291
Trending Topics
Crossword
Marvel
Kpop
Harry Potter
Anime
NBA
Disney
The Office
Song
Country
Pokémon
Puzzle
NFL
Soccer
WWE
Your Account Isn't Verified!
In order to create a playlist on Sporcle, you need to verify the email address you used during registration. Go to your
Sporcle Settings
to finish the process.
Report this User
Report this user for behavior that violates our
Community Guidelines
.
Details:
Send Report
Go to the Sporcle.com Mobile Site →
Comments